School district participation in community recreation programs in California /

Bibliographic Details
Main Author: Stichter, Charles Robert, 1913-
Format: Thesis Microform Book
Language:English
Published: [Place of publication not identified] : [publisher not identified] ; 1961.
Subjects:

MARC

Tag First Indicator Second Indicator Subfields
LEADER 00000cam a2200000 a 4500
001 in00000767821
005 20151017051005.0
007 hd afb|||||||
008 830301r19611961miua ab 00010 eng d
035 |a (OCoLC)09269056 
035 |9 ADK3904AM 
040 |a TXA  |c TXA  |d UtOrBLW 
043 |a n-us-ca 
049 |a TXAI 
099 |a film  |a B  |a 1448 
100 1 |a Stichter, Charles Robert, 1913- 
245 1 0 |a School district participation in community recreation programs in California /  |c by Charles Robert Stichter. 
264 1 |a [Place of publication not identified] :  |b [publisher not identified] ;  |c 1961. 
300 |a vii, 241 leaves :  |b illustrations 
336 |a text  |b txt  |2 rdacontent 
337 |a microform  |b h  |2 rdamedia 
338 |a microfilm reel  |b hd  |2 rdacarrier 
502 |b Ed. D.  |c University of Southern California  |d 1961. 
504 |a Bibliography: leaves 206-210. 
533 |a Microfilm.  |b Ann Arbor, Mich. :  |c University Microfilms,  |d 1961.  |e 1 microfilm reel : ill. ; 35 mm. 
500 |a Microform. 
650 0 |a School facilities  |x Extended use  |z California  |z Los Angeles County. 
650 0 |a Recreation centers  |z California  |z Los Angeles County. 
650 0 |a School districts  |z California  |z Los Angeles County. 
650 0 |a School management and organization  |z California  |z Los Angeles County. 
999 |a MARS 
999 f f |s 7f091d26-5419-30b6-bd09-f6e62ed54086  |i 4e7ead6e-0872-3113-935d-f0c6409f96ab  |t 0 
952 f f |p default  |a Texas A&M University  |b College Station  |c Sterling C. Evans Library  |d Evans: Microforms (3rd floor)  |t 0  |e film B 1448  |h Other scheme  |i microform -- microfilm reel 
998 f f |a film B 1448  |t 0  |l Evans: Microforms (3rd floor)